| 000 | 00565nam a2200229Ia 4500 | ||
|---|---|---|---|
| 003 | OSt | ||
| 005 | 20140318084146.0 | ||
| 008 | 140130s9999 xx 000 0 und d | ||
| 020 | _a9780590623575 | ||
| 050 |
_aPZ 7 _b.J1544De 1991 |
||
| 100 | _aJames, Simon. | ||
| 245 |
_cSimon James. _aDear Mr. Blueberry / |
||
| 260 |
_bScholastic Inc., _cc1991. _aUSA : |
||
| 300 |
_a24 p. : _bcol. ill. ; _c23 cm. |
||
| 440 | _v1 | ||
| 521 | _aG4 | ||
| 526 | _c660 | ||
| 650 |
_aWhales _xFiction. |
||
| 650 |
_a Letters _xFiction. |
||
| 942 |
_cBK _2lcc |
||
| 999 |
_c40888 _d40888 |
||